000 00483nam a2200193Ia 4500
008 170918s9999 xx 000 0 und d
020 _a9780545521000
050 _bM978 1998
100 _aMurphy, Stuart J.
245 2 _aA fair bear share /
245 _cStuart J. Murphy ; illustrated by John Speirs.
260 _aNew York :
260 _bScholastic,
260 _c1998
300 _a33 pages :
300 _bcolored illustration ;
300 _c20cm.
500 _a370
999 _c341693
_d341693